|
|
|
|
| LEADER |
01106cam a2200277 a 4500 |
| 001 |
0000078201 |
| 005 |
20090728090000.0 |
| 040 |
|
|
|a mod
|
| 041 |
|
|
|a eng
|
| 020 |
0 |
0 |
|a 9679188035
|
| 090 |
0 |
0 |
|a 641.59595
|b NOR
|e 2005
|
| 100 |
1 |
0 |
|a Nor Zailina Nordin
|
| 245 |
1 |
0 |
|a Kegemaran Malaysia
|b resipi terbaik daripada pakar masakan Malaysia
|c Nor Zailina Nordin
|
| 260 |
0 |
0 |
|a Petaling Jaya
|b Pusaka Zaman
|c 2005
|
| 300 |
0 |
0 |
|a 190 p.
|b ill.
|c 26 cm
|
| 500 |
0 |
0 |
|a Includes index
|
| 650 |
0 |
0 |
|a Recipes
|z Malaysia
|
| 650 |
0 |
0 |
|a Cookery, Malaysian
|
| 852 |
0 |
0 |
|a 01
|
| 999 |
|
|
|a 0234277
|b IPDA
|d BOOKS
|e Umum
|f IPDA
|j AVAILABLE
|q GOOD CONDITION
|
| 999 |
|
|
|a 0247606
|b ILMI
|d BOOKS
|e Umum
|f ILMI
|j AVAILABLE
|q GOOD CONDITION
|
| 999 |
|
|
|a 0253425
|b PU SUBANG (TUDM SUBANG)
|d BOOKS
|e Umum
|f PU Subang (TUDM Subang)
|j AVAILABLE
|q GOOD CONDITION
|
| 999 |
|
|
|a 0253892
|b PU Sendayan
|d BOOKS
|e Umum
|f PU Sendayan
|j AVAILABLE
|q GOOD CONDITION
|
| 999 |
|
|
|a 0267853
|b ATU
|d BOOKS
|e Umum
|f ATU
|j AVAILABLE
|q GOOD CONDITION
|
| 999 |
|
|
|a 0270607
|b 4 DIV
|d BOOKS
|e Umum
|f 4 DIV
|j WEEDED
|q GOOD CONDITION
|
| 999 |
|
|
|a 0276610
|b 4 DIV
|d BOOKS
|e Umum
|f 4 DIV
|j WEEDED
|q GOOD CONDITION
|